000 00608nam a2200265Ia 4500
005 20260306163515.0
008 008 260114s9999 xx 000 0 eng d
020 _a9781531507879
037 _aEBOOK
040 _aCRL
040 _beng
040 _cCRL
041 _2eng
041 _aeng
084 _qCRL
100 _aLaborde
_9915180
245 0 _aFlannery O'connor's Manhattan
260 _bFordham University Press
260 _c2025
650 _aSocial Work
856 _uhttps://academic.oup.com/book/59415
942 _cEBOOK
999 _c1710379
_d1710379